zpět

Detail výsledku týmu

Koruna, Břeclav

Datum a čas kvízu

28.5 Celkem bodů Celkový počet nahraných bodů na tomto kvízu bez doplňovacích otázek.
6. Pořadí na kvízu Konečné umístění týmu na tomto kvízu.

Zaznamenané odpovědi

# Otázka Odpověď Body Výsledky
1. Ministerstvo zdravotnictví chy... Reklamy by neměly zobrazovat živé bytosti. 1
2. O tom, že Pláničkova metoda zv... Pomocí virtuální reality. 1
3. Část sbírek z jedné z nejslavn... Zelená klenba (Grünes Gewölbe) 0
4. Podnikatel a vizionář Elon Mus... TMBK 0
5. Čeští basketbalisté od minuléh... Uruguay, Turecko 0
6. V tomto tématu se podíváme na... A) pestík 1
7. Tato britská indierocková kape... Florence and the Machine 1
8. Jak se jmenuje tento pilot For... Daniil Kvjat 0
9. Z následujících rostlin vybert... D 1
10. Zřejmě nejslavnější českou fil... dědeček vycinkal 0